01058cam a2200265 a 450000100100000000500170001000800410002702000150006804000300008308200170011310000320013024501250016226000700028730000280035749000300038550400360041558600430045165000610049465000250055565100580058065000670063870000290070571000270073483000310076100001104020200929162339.0970530s1996 cu a b 000 0 spa  a9590400426 aDO-SdBNPbspacDLCdBNPHU a574.5bR816e1 aRosenzvaig, Eduardo,b1951-10aEtnias y árboles :bhistoria del universo ecológico Gran Chaco /cEduardo Rosenzvaig ; edición, Clara Hernández. aLa Habana, (Cuba) :bColcultura ;bCasa de las Américas,c1996. a618 p. :bil. ;c19 cm.1 aEnsayo histórico-social aBibliografía: (p. [596]-614). a"Premio Casa de las Américas, 1996." 4aEcología humanazGran Chaco (Región{Rpara}xHistoria 4aEcología y ética 4aGran Chaco (Región{Rpara}xCondiciones Económicas 4aIndios de sur américazGran Chaco (Región{Rpara}xHistoria1 aHernández, Clara,eed.2 aCasa de las Américas 0aEnsayo histórico-social.